ბათუმის შოთა რუსთაველის სახელმწიფო უნივერსიტეტის ბიბლიოთეკა

Audiology and communication disorders : (ბიბ.ჩანაწერი № 57892)

000 -LEADER
fixed length control field 01064cam a2200253 i 4500
001 - CONTROL NUMBER
control field 17762528
005 - DATE AND TIME OF LATEST TRANSACTION
control field 20221107122326.0
008 - FIXED-LENGTH DATA ELEMENTS--GENERAL INFORMATION
fixed length control field 130531s2014 paua b 001 0 eng
020 ## - INTERNATIONAL STANDARD BOOK NUMBER
International Standard Book Number 9781451132137 (paperback) X
041 ## - LANGUAGE CODE
Language code of text/sound track or separate title eng
080 ## - UNIVERSAL DECIMAL CLASSIFICATION NUMBER
Universal Decimal Classification number 616.28 H-88
100 1# - MAIN ENTRY--PERSONAL NAME
Personal name Humes, Larry
9 (RLIN) 10775
245 10 - TITLE STATEMENT
Title Audiology and communication disorders :
Remainder of title an overview /
Statement of responsibility, etc. Larry E. Humes, and Fred H. Bess.
250 ## - EDITION STATEMENT
Edition statement Second edition.
264 #1 - PRODUCTION, PUBLICATION, DISTRIBUTION, MANUFACTURE, AND COPYRIGHT NOTICE
Place of production, publication, distribution, manufacture Philadelphia :
Name of producer, publisher, distributor, manufacturer Wolters Kluwer Health/Lippincott Williams & Wilkins,
Date of production, publication, distribution, manufacture, or copyright notice 2014.
300 ## - PHYSICAL DESCRIPTION
Extent 381 p. :
Other physical details illustrations ;
Dimensions 26 cm.
650 22 - SUBJECT ADDED ENTRY--TOPICAL TERM
Topical term or geographic name entry element Hearing Impaired Persons
General subdivision rehabilitation.
9 (RLIN) 10779
653 ## - INDEX TERM--UNCONTROLLED
keyword აუდიოლოგია და კომუნიკაციის დარღვევები
653 ## - INDEX TERM--UNCONTROLLED
keyword უნარშეზღუდული პირების მოსმენა
653 ## - INDEX TERM--UNCONTROLLED
keyword კომუნიკაციის დარღვევები
653 ## - INDEX TERM--UNCONTROLLED
keyword მედიცინა
700 1# - ADDED ENTRY--PERSONAL NAME
Personal name Bess, Fred H.,
Relator term ავტორი
9 (RLIN) 10780
942 ## - ADDED ENTRY ELEMENTS (KOHA)
Source of classification or shelving scheme
Koha item type წიგნი
ეგზემპლარები
Withdrawn status Lost status Source of classification or shelving scheme Damaged status Not for loan Permanent Location Current Location Shelving location Date acquired Cost, normal purchase price Full call number Barcode Date last seen Copy number Price effective from Koha item type Public note
          ბათუმის შოთა რუსთაველის სახელმწიფო უნივერსიტეტის მთავარი ბიბლიოთეკა ბათუმის შოთა რუსთაველის სახელმწიფო უნივერსიტეტის მთავარი ბიბლიოთეკა წიგნსაცავი 2021-03-26 257.00 616.28 H-88 61273 2021-03-26 61273 2021-03-26 წიგნი 257 ლ.